|
|
|
|
| LEADER |
00658nam a22001691a 4500 |
| 020 |
|
|
|a 9788177552942
|
| 082 |
|
|
|a 509.34
|b SUB/A
|
| 245 |
|
|
|a Ancient Indian sciences (v.2):
|b technical and scientific literature and practices in Ancient India/
|c by Subodh Kapoor (ed.)
|
| 260 |
|
|
|a New Delhi:
|b Cosmo,
|c 2003.
|
| 300 |
|
|
|a 305-632p.
|
| 650 |
|
|
|a Science India Ancient
|9 145414
|
| 650 |
|
|
|a Science India
|9 145415
|
| 650 |
|
|
|a Science
|9 145416
|
| 700 |
|
|
|a Subodh Kapoor (ed.)
|9 145417
|
| 942 |
|
|
|c REF
|
| 999 |
|
|
|c 2172
|d 2172
|
| 952 |
|
|
|0 0
|1 0
|4 0
|6 R_509_340000000000000_SUB_A
|7 0
|9 3353
|a SSUS
|b SSUS
|d 2015-01-08
|g 1150.00
|o R 509.34 SUB/A
|p 031984
|r 2015-01-08
|v 0.00
|w 2015-01-08
|y REF
|